000
00339 a2200157 4500
001
61778
020
_a
9788526265585
040
_c
Anchieta - Pituba
100
_a
Cervantes Saavedra, Miguel de
240
1
0
_a
Dom Quixote
_l
por
245
1
0
_a
Dom Quixote
300
_a
176
362
0
_a
2007
650
4
_a
Ficção espanhola
942
_c
BK
999
_c
61778
_d
61778